Statistics for Maailma riigid

Click here to take the quiz!

General Stats

  • This quiz has been taken 989 times
  • The average score is 92 of 196

Answer Stats

Maa % Correct
Eesti
88%
Kanada
87%
Ameerika Ühendriigid
86%
Soome
81%
Mehhiko
79%
Venemaa
78%
India
78%
Ukraina
76%
Portugal
76%
Rootsi
76%
Saksamaa
75%
Austraalia
75%
Poola
74%
Itaalia
74%
Läti
74%
Hispaania
73%
Hiina
72%
Argentina
72%
Prantsusmaa
72%
Brasiilia
71%
Norra
71%
Island
70%
Jaapan
70%
Leedu
70%
Taani
69%
Ühendkuningriik
69%
Valgevene
67%
Madalmaad
66%
Türgi
66%
Kreeka
65%
Iirimaa
65%
Belgia
65%
Egiptus
64%
Iraan
63%
Iraak
62%
Põhja-Korea
62%
Austria
62%
Kuuba
62%
Lõuna-Korea
62%
Bulgaaria
62%
Tai
62%
Sloveenia
61%
Madagaskar
61%
Šveits
61%
Slovakkia
61%
Mongoolia
61%
Indoneesia
59%
Tšehhi
58%
Serbia
58%
Horvaatia
58%
Kongo Vabariik
57%
Kongo DV
57%
Saudi Araabia
57%
Albaania
57%
Uruguay
57%
Tšiili
57%
Vietnam
57%
Ungari
56%
Uus-Meremaa
56%
Gruusia
56%
Moldova
55%
Pakistan
55%
Boliivia
54%
Colombia
54%
Venezuela
54%
Peruu
54%
Lõuna-Aafrika Vabariik
54%
Panama
54%
Maroko
53%
Malta
53%
Paraguay
53%
Bosnia ja Hertsegoviina
53%
Rumeenia
52%
Niger
52%
Nigeeria
52%
Armeenia
51%
Makedoonia
51%
Nepaal
50%
Sri Lanka
50%
Afganistan
50%
Ecuador
49%
Usbekistan
49%
Laos
49%
Mali
48%
Türkmenistan
48%
Alžeeria
48%
Luksemburg
47%
Montenegro
47%
Kasahstan
47%
Omaan
46%
Kosovo
46%
Birma
46%
Süüria
46%
Jamaica
46%
Sudaan
46%
Somaalia
46%
Haiti
46%
Iisrael
44%
Küpros
44%
Angola
44%
Etioopia
44%
Andorra
44%
Filipiinid
44%
Keenia
44%
Tuneesia
43%
Vatikan
43%
Liibüa
43%
Bangladesh
43%
Honduras
43%
Jeemen
42%
Guinea
42%
El Salvador
41%
Kõrgõzstan
41%
San Marino
41%
Costa Rica
41%
Taiwan
41%
Tansaania
41%
Togo
41%
Jordaania
41%
Monaco
41%
Bhutan
40%
Eritrea
39%
Guatemala
39%
Suriname
39%
Ghana
38%
Botswana
38%
Elevandiluurannik
38%
Nicaragua
38%
Belize
38%
Lesotho
38%
Guyana
38%
Liechtenstein
38%
Namiibia
37%
Tšaad
37%
Zimbabwe
37%
Kambodža
37%
Araabia Ühendemiraadid
37%
Rwanda
36%
Malaisia
36%
Uganda
36%
Bahama
36%
Benin
35%
Tadžikistan
35%
Senegal
35%
Sambia
34%
Katar
34%
Gambia
33%
Guinea-Bissau
33%
Kesk-Aafrika Vabariik
33%
Lõuna-Sudaan
33%
Mauritaania
33%
Fidži
32%
Nauru
32%
Dominica
32%
Burundi
32%
Malawi
32%
Singapur
32%
Libeeria
31%
Tuvalu
31%
Mauritius
31%
Gabon
31%
Samoa
31%
Kiribati
31%
Kuveit
30%
Vanuatu
30%
Tonga
30%
Aserbaidžaan
30%
Maldiivid
30%
Djibouti
30%
Kamerun
30%
Dominikaani Vabariik
29%
Sierra Leone
29%
Liibanon
29%
Burkina Faso
29%
Paapua Uus-Guinea
29%
Trinidad ja Tobago
29%
Mikroneesia
28%
São Tomé and Príncipe
28%
Mosambiik
28%
Brunei
28%
Palau
28%
Saint Lucia
27%
Ida-Timor
26%
Barbados
26%
Saint Kitts ja Nevis
26%
Grenada
25%
Antigua ja Barbuda
25%
Svaasimaa
24%
Marshalli Saared
24%
Saint Vincent ja Grenadiinid
24%
Bahrein
23%
Roheneemesaared
23%
Ekvatoriaal-Guinea
22%
Seišellid
21%
Komoorid
21%
Saalomoni Saared
19%

Score Distribution

Percentile by Number Answered

Percent of People with Each Score

Your Score History

You have not taken this quiz